Statistics for U.S. States With the Hottest Coldest Temperature

Click here to take the quiz!

General Stats

  • This quiz has been taken 11,268 times
  • The average score is 8 of 10

Answer Stats

°FState°C% Correct
-2Florida-18.9
95%
-23Texas-30.6
95%
-16Georgia-26.7
88%
-27Alabama-32.8
87%
12Hawaii-11.1
87%
-19Mississippi-28.3
84%
-19South Carolina-28.3
84%
-16Louisiana-26.7
82%
-17Delaware-27.2
36%
-28Rhode Island-33.3
31%

Score Distribution

Percentile by Number Answered

Percent of People with Each Score

Your Score History

You have not taken this quiz